| Tag |
First Indicator |
Second Indicator |
Subfields |
| LEADER |
00000cam a2200000 a 4500 |
| 001 |
in00000886313 |
| 005 |
20151019161236.0 |
| 008 |
870123s1986 nyu 00010 eng d |
| 020 |
|
|
|a 0934834016
|
| 035 |
|
|
|a (OCoLC)15105650
|
| 035 |
|
|
|9 AEK9582AM
|
| 040 |
|
|
|a BUF
|c BUF
|d m/c
|d FDA
|d TXA
|d UtOrBLW
|
| 041 |
1 |
|
|a eng
|a spa
|h spa
|
| 049 |
|
|
|a [Wein] TXAM
|c [A12986382]
|
| 050 |
|
4 |
|a PQ8097.N4
|b P513 1986
|
| 100 |
1 |
|
|a Neruda, Pablo,
|d 1904-1973.
|
| 245 |
1 |
4 |
|a The stones of Chile /
|c Pablo Neruda ; translated by Dennis Maloney.
|
| 264 |
|
1 |
|a Fredonia, N.Y. :
|b White Pine Press,
|c [1986]
|
| 264 |
|
4 |
|c ©1986
|
| 300 |
|
|
|a 10 unnumbered pages, 98 pages, 4 unnumbered pages ;
|c 22 cm.
|
| 336 |
|
|
|a text
|b txt
|2 rdacontent
|
| 337 |
|
|
|a unmediated
|b n
|2 rdamedia
|
| 338 |
|
|
|a volume
|b nc
|2 rdacarrier
|
| 500 |
|
|
|a English and Spanish on opposite pages.
|
| 536 |
|
|
|a Poetry browsing collection: gift of Eleanor Weinbaum family.
|
| 700 |
1 |
2 |
|a Neruda, Pablo,
|d 1904-1973.
|t Poems.
|k Selections.
|l English.
|
| 700 |
1 |
2 |
|a Neruda, Pablo,
|d 1904-1973.
|t Poems.
|k Selections.
|l Spanish.
|
| 700 |
1 |
|
|a Maloney, Dennis.
|
| 999 |
|
|
|a MARS
|
| 999 |
f |
f |
|s f8f75bbd-0a58-31c5-9805-187771b65ac6
|i 1b27f689-1c5a-329a-adcb-9218b6c5ceba
|t 0
|
| 952 |
f |
f |
|p normal
|a Texas A&M University
|b College Station
|c Sterling C. Evans Library
|d Evans: Library Stacks
|t 0
|e PQ8097.N4 P513 1986
|h Library of Congress classification
|i unmediated -- volume
|m A14812986382
|
| 998 |
f |
f |
|a PQ8097.N4 P513 1986
|t 0
|l Evans: Library Stacks
|